• 首页
  • 本馆介绍
  • 公告通知
  • 最新文献
  • 馆藏检索
  • 电子资源
  • 读者导购
  • 参考咨询
  • 我的图书馆
  • 登录
  • 详细信息显示
  • 放入我的书架
  • 预约/预借图书
  • 作者相关作品
  • 分类相关作品
  • 丛书相关作品
  • 出版社相关作品

书目信息

  • 表格格式
  • 工作单格式
  • 卡片格式
书名: Dictionary of science and technology
作者: editor T. C. Collocott.
分册号:
分册名:
出版地: Edinburgh :
 
出版社: W. and R. Chambers
出版时间: 1971.
页数: xvi, 1328 p. :
开本: 22 cm.
丛书名:
中图分类号:
科图分类号:
其他分类号: T-61
主题词:
电子资源:
000 00959nam a2200301 450
001 E0752364376
005 20070302143323.57
008 720615s1971 stka d 000 0 eng
010    @a72180510
015    @aB72-03737
020    @a0550132023.
035    @A(DLC) 72180510
040    @aDLC@cDLC@dDLC
050 00 @aQ123@b.D53 1971
082 00 @a503
090    @aT-61
099    @dT-61@ex4
245 00 @aDictionary of science and technology / @ceditor T. C. Collocott.
260    @aEdinburgh :@bW. and R. Chambers,@c1971.
300    @axvi, 1328 p. :@billus. ;@c22 cm.
350    @a£6.50
500    @aSpine title: Chambers dictionary of science and technology.
650  0 @aScience@xDictionaries.
650  0 @aTechnology@xDictionaries.
700 1  @aCollocott, T. C.,@eed.
740    @aChambers dictionary of science and technology.
906    @a7@bcbc@corignew@d3@encip@f19@gy-gencatlg
991    @bc-GenColl@hQ123@i.D53 1971@tCopy 1@wBOOKS
    
    Dictionary of science and technology / / editor T. C. Collocott.-Edinburgh : : W. and R. Chambers, , 1971.
    xvi, 1328 p. : : illus. ; ; 22 cm.
    Spine title: Chambers dictionary of science and technology.
    
    ISBN 0550132023.
    
●
相关链接 在E读中查询图书 在五车中查询图书 在当当中查询图书 在豆瓣中查询图书


正题名:Dictionary of science and technology     索取号:T-61/x4         预约/预借

序号 登录号 条形码 馆藏地/架位号 状态 备注
1 03238   000634424   第四借阅区/ [索取号:T-61/x4] 在馆    
唐山师范学院图书馆 欢迎您!
大连网信软件有限公司© 版权所有